000 00728nam a2200253Ia 4500
001 19700
003 DO-CoUTE
005 20260204212622.0
008 220104s9999 dr 000 0 spa d
020 _a978-958-762-279-9
040 _aDO-CoUTE
_bspa
_cDO-CoUTE
041 0 _aspa
082 _a628.445 G393i
110 _aEuformación Consultores,S.L
245 1 0 _aGestión integral de residuos / Euformación Consultores,S.L
260 _aBogotá, Colombia : Editorial Ediciones de la U
300 _a337 páginas
650 4 _aDisposición de residuos
650 4 _aManejo de residuos
650 4 _aMedio ambiente
942 _2ddc
_cBK
999 _c21283
_d21283